La araucana

Збережено в:
Бібліографічні деталі
Автор: Ercilla y Zúñiga, Alonso de (autor)
Формат: Книга
Мова:Іспанська
Опубліковано: Buenos Aires Emece 1945
Серія:Clásicos Emece
Предмети:
Теги: Додати тег
Немає тегів, Будьте першим, хто поставить тег для цього запису!

MARC

LEADER 00000nam a2200000 a 4500
001 UCX6731
003 CL-VaPUC
008 930810e19450000AG |||||||||||||||||spa|d
082 0 4 |a 861  |b ERC  |2 21 
100 |a Ercilla y Zúñiga, Alonso de   |e autor  |9 267605 
245 1 3 |a La araucana 
300 |a 812 p 
942 |c BK 
945 |d 19930810 00:00:00 
260 |a Buenos Aires  |b Emece  |c 1945 
650 0 |a Poesía épica española  |9 268761 
583 |a last modification  |c 19930810 00:00:00  |k Rodrigo Vera 
490 0 |a Clásicos Emece 
999 |c 226710  |d 226708 
952 |0 0  |1 0  |4 0  |6 861_000000000000000_ERC_1945  |7 0  |8 A  |9 225259  |a BIBEDU  |b BIBEDU  |d 2019-11-15  |i 2939630  |o 861 ERC 1945  |p 2939630  |r 2019-11-15  |w 2019-11-15  |y BK  |k LIT